000 00785nam a2200229Ia 4500
003 OSt
005 20260105135921.0
008 220923b |||||||| |||| 00| 0 eng d
020 _a9780754672357
037 _cGeneral Book
040 _aRTL
_cRTL
_beng
041 _2eng
_aeng
084 _aY:3(S5).46.P, P8
_qRTL
245 0 _aDeconstructing sexuality in the Middle East: challenges and discourses
_b
260 _aAldershot
_bAshgate
_c2008
300 _aix, 218 p.
_bIncludes bibliographical references and index.
650 _aSociology
_9861849
650 _aSexuality
_9861850
700 _a Ilkkaracan Pinar
_e Editor
_9861851
942 _hY:3(S5).46.P, P8
_cGB
_2CC
_n0
999 _c475808
_d475808